书目信息 |
| 题名: |
教育学方法论
|
|
| 作者: | 贾馥茗 , 杨深坑 主编 | |
| 分册: | ||
| 出版信息: | 南京 江苏教育出版社 2008 |
|
| 页数: | 378页 | |
| 开本: | 23cm | |
| 丛书名: | ||
| 单 册: | ||
| 中图分类: | G40-032 | |
| 科图分类: | ||
| 主题词: | 教育学--方法论--研究 , 教育学 , 方法论 | |
| 电子资源: | ||
| ISBN: | 978-7-5343-8548-3 | |
| 000 | 00986nam0 2200289 450 | |
| 001 | 100428553448 | |
| 005 | 20110111094335.21 | |
| 010 | @a978-7-5343-8548-3@dCNY37.00 | |
| 100 | @a20090303d2008 em y0chiy0110 ea | |
| 101 | 0 | @achi |
| 102 | @aCN@b320000 | |
| 105 | @ay z 000yy | |
| 106 | @ar | |
| 200 | 1 | @a教育学方法论@Ajiao yu xue fang fa lun@d= Pedagogy methodology@f贾馥茗,杨深坑主编@zeng |
| 210 | @a南京@c江苏教育出版社@d2008 | |
| 215 | @a378页@d23cm | |
| 300 | @a大教育书馆 贾馥茗教育作品集 | |
| 330 | @a本书主要内容包括当代教育学方法论之主要趋势、当代教育研究基本问题之探讨、当代各种教育研究法之哲学分析、当代教育研究领域之哲学反省等。 | |
| 510 | 1 | @aPedagogy methodology@zeng |
| 606 | 0 | @a教育学@x方法论@x研究 |
| 606 | 0 | @a教育学 |
| 606 | 0 | @a方法论 |
| 690 | @aG40-032@v4 | |
| 701 | 0 | @a贾馥茗@Ajia fu ming@c(女,@f1926~)@4主编 |
| 701 | 0 | @a杨深坑@Ayang shen keng@4主编 |
| 801 | 0 | @aCN@bSYL@c20110111 |
| 905 | @b205971803-849@h597180-84@dG40-032@e533@f5 | |
| 教育学方法论= Pedagogy methodology/贾馥茗,杨深坑主编.-南京:江苏教育出版社,2008 |
| 378页;23cm |
| 大教育书馆 贾馥茗教育作品集 |
| ISBN 978-7-5343-8548-3:CNY37.00 |
| 本书主要内容包括当代教育学方法论之主要趋势、当代教育研究基本问题之探讨、当代各种教育研究法之哲学分析、当代教育研究领域之哲学反省等。 |
| ● |
| 相关链接 |
|
|
|
|
正题名:教育学方法论
索取号:G40-032/533
 
预约/预借
| 序号 | 登录号 | 条形码 | 馆藏地/架位号 | 状态 | 备注 |
| 1 | 597180 | 205971803 | 第一样本阅览室/ [索取号:G40-032/533] | 在馆 | |
| 2 | 597181 | 205971812 | 第四借阅区/ [索取号:G40-032/533] | 在馆 | |
| 3 | 597182 | 205971821 | 第四借阅区/ [索取号:G40-032/533] | 在馆 | |
| 4 | 597183 | 205971830 | 第四借阅区/ [索取号:G40-032/533] | 在馆 | |
| 5 | 597184 | 205971849 | 第四借阅区/ [索取号:G40-032/533] | 在馆 |